A manual of classification for librarians : (Record no. 3978)
[ view plain ]
| 000 -LEADER | |
|---|---|
| fixed length control field | 01075nam a2200289 a 4500 |
| 001 - CONTROL NUMBER | |
| JCCL Control Number | 3978 |
| 003 - CONTROL NUMBER IDENTIFIER | |
| JCCL marc code | BD-JhCC |
| 005 - DATE AND TIME OF LATEST TRANSACTION | |
| control field | 20171120132624.0 |
| 008 - FIXED-LENGTH DATA ELEMENTS--GENERAL INFORMATION | |
| fixed length control field | 751125s1959 enkaf b 001 0 eng d |
| 035 ## - SYSTEM CONTROL NUMBER | |
| system control number | (BD-JhCC)3978 |
| 040 ## - CATALOGING SOURCE | |
| Original cataloging agency | DLC |
| Transcribing agency | Wa |
| Modifying agency | DLC |
| -- | BD-JhCC |
| 041 ## - LANGUAGE CODE | |
| Language code of Book | eng |
| 050 00 - LIBRARY OF CONGRESS CALL NUMBER | |
| Classification number | Z696 |
| Item number | .S2925 1967 |
| 082 00 - DEWEY DECIMAL CLASSIFICATION NUMBER | |
| Classification number | 025.4 |
| Author mark and Year | SAY 1959 |
| 100 1# - MAIN ENTRY--PERSONAL NAME | |
| Personal name | Sayers, W. C. Berwick |
| Fuller form of name | (William Charles Berwick), |
| Dates associated with a name | 1881-1960. |
| 245 12 - TITLE STATEMENT | |
| Title | A manual of classification for librarians : |
| Remainder of title | For Librarians and Bibliographers / |
| Statement of responsibility, etc | [by] W. C. Berwick Sayers; with illustrations and bibliography. |
| 250 ## - EDITION STATEMENT | |
| Edition statement | 4th ed. completely revised and partly re-written |
| 260 ## - PUBLICATION, DISTRIBUTION, ETC. (IMPRINT) | |
| Place of publication, distribution, etc | London : |
| Name of publisher, distributor, etc | Andre Deutsch, |
| Date of publication, distribution, etc | c 1959. |
| 300 ## - PHYSICAL DESCRIPTION | |
| Pagination | 404 p. |
| Other physical details | illus., 8 plates. |
| Dimensions | 23 cm. |
| 490 0# - SERIES STATEMENT | |
| Series statement | A Grafton book |
| 500 ## - GENERAL NOTE | |
| General note | Previous ed. published in London, Grafton, 1955, under title: Manual of classification for librarians and bibliographers. |
| 504 ## - BIBLIOGRAPHY, ETC. NOTE | |
| Bibliography, etc | Bibliography: p. [381]-394. |
| 650 #0 - SUBJECT ADDED ENTRY--TOPICAL TERM | |
| Topical term or geographic name as entry element | Classification |
| General subdivision | Books |
| -- | Bibliography. |
| 700 1# - ADDED ENTRY--PERSONAL NAME | |
| Personal name | Maltby, Arthur. |
| 942 ## - ADDED ENTRY ELEMENTS (KOHA) | |
| Source of classification or shelving scheme | Dewey Decimal Classification |
| Koha item type | Books |
| Source of classification or shelving scheme | Damaged status | Not for loan | Home library | Current library | Shelving location | Date of accession | Total Checkouts | Full call number | Barcode | Date last seen | Copy number | Koha item type |
|---|---|---|---|---|---|---|---|---|---|---|---|---|
| Dewey Decimal Classification | JCC Rouf Library | JCC Rouf Library | General Stacks | 11/20/2017 | 025.4 SAY 1959 | 5498 | 11/20/2017 | C-1 | Books |